000 00567nam a2200229Ia 4500
003 OSt
005 20220918205651.0
006 a|||||r|||| 00| 0
007 ta
008 220917b |||||||| |||| 00| 0 eng d
024 _a117,472
037 _cTextual
040 _aARTS
_cARTS
_beng
041 _2eng
_aeng
082 _aV671:5:C, J4
100 _aFrankfort H
_974701
245 0 _aBirth of civilization in the near East
260 _c1954
650 _aHISTORY
942 _hV671:5:C, J4
_cTEXL
_2CC
999 _c240753
_d240753